000 00203 a2200097 4500
001 16376
100 _aBush, G A
245 _aFoundations of maths
260 _a
_bMc Graw Hill
_c
090 _c12500
_d12500
942 _aNUST-CAE
_cM
_c2782
999 _c251449
_d251449